Public finance: a contemporary application of theory to policy. / (Record no. 814)
[ view plain ]
| 000 -LEADER | |
|---|---|
| fixed length control field | 00743nam a22001817a 4500 |
| 008 - FIXED-LENGTH DATA ELEMENTS--GENERAL INFORMATION | |
| fixed length control field | 120503t xxu||||| |||| 00| 0 eng d |
| 020 ## - INTERNATIONAL STANDARD BOOK NUMBER | |
| International Standard Book Number | 0030213088 |
| 050 ## - LIBRARY OF CONGRESS CALL NUMBER | |
| Classification number | HJ141.H952 |
| 100 ## - MAIN ENTRY--PERSONAL NAME | |
| Personal name | Hyman, David N. |
| 245 ## - TITLE STATEMENT | |
| Title | Public finance: a contemporary application of theory to policy. / |
| Statement of responsibility, etc. | David N. Hyman |
| 250 ## - EDITION STATEMENT | |
| Edition statement | 6th ed. |
| 260 ## - PUBLICATION, DISTRIBUTION, ETC. | |
| Place of publication, distribution, etc. | Philadlphia: |
| Name of publisher, distributor, etc. | Dryden, |
| Date of publication, distribution, etc. | c1999. |
| 300 ## - PHYSICAL DESCRIPTION | |
| Extent | xxi, 682 p.: |
| Other physical details | ill. |
| Dimensions | 22cm. |
| 500 ## - GENERAL NOTE | |
| General note | Includes index. |
| 505 ## - FORMATTED CONTENTS NOTE | |
| Formatted contents note | Contents: The Economic basis for government activity -- Government expenditures and policy in the United States: selected issues -- Financing government expenditures -- Taxation: theory and structure -- State and local government finance. |
| 650 ## - SUBJECT ADDED ENTRY--TOPICAL TERM | |
| Topical term following geographic name entry element | Public finance |
| 942 ## - ADDED ENTRY ELEMENTS (KOHA) | |
| Source of classification or shelving scheme | Library of Congress Classification |
| Koha item type | Books |
| Withdrawn status | Lost status | Source of classification or shelving scheme | Damaged status | Not for loan | Home library | Current library | Shelving location | Date acquired | Total Checkouts | Full call number | Barcode | Date last seen | Copy number | Price effective from | Koha item type |
|---|---|---|---|---|---|---|---|---|---|---|---|---|---|---|---|
| Library of Congress Classification | WISCONSIN INTERNATIONAL UNIVERSITY COLLEGE, GHANA - MAIN LIBRARY | WISCONSIN INTERNATIONAL UNIVERSITY COLLEGE, GHANA - MAIN LIBRARY | General Stacks | 03/05/2012 | HJ141.H95 | 1911/12 | 03/05/2012 | 1 | 03/05/2012 | Books | |||||
| Library of Congress Classification | WISCONSIN INTERNATIONAL UNIVERSITY COLLEGE, GHANA - MAIN LIBRARY | WISCONSIN INTERNATIONAL UNIVERSITY COLLEGE, GHANA - MAIN LIBRARY | General Stacks | 03/05/2012 | HJ141.H952 | 1912/12 | 03/05/2012 | 2 | 03/05/2012 | Books | |||||
| Library of Congress Classification | WISCONSIN INTERNATIONAL UNIVERSITY COLLEGE, GHANA - MAIN LIBRARY | WISCONSIN INTERNATIONAL UNIVERSITY COLLEGE, GHANA - MAIN LIBRARY | General Stacks | 03/05/2012 | HJ141.H953 | 1913/12 | 03/05/2012 | 3 | 03/05/2012 | Books | |||||
| Library of Congress Classification | WISCONSIN INTERNATIONAL UNIVERSITY COLLEGE, GHANA - MAIN LIBRARY | WISCONSIN INTERNATIONAL UNIVERSITY COLLEGE, GHANA - MAIN LIBRARY | General Stacks | 13/02/2015 | HJ141.H951 | 7859/286/15 | 13/02/2015 | 4 | 13/02/2015 | Books |
